000 00931npm a2200229 i 4500
001 5324
003 ES-MaACL
005 20260203063026.0
007 hzrazu bucu
008 900503r19901813sp b 00010 spa d
080 _a262.136.12(46)"18"
100 0 _aAgustín,
_cObispo de Barbastro
_918917
245 1 0 _aCopia de la representacion del M.R. Obispo de Barbastro... dando gracias por la abolicion del Tribunal de la Inquisicion
_b: o sea Continuacion al suplemento del Procurador General [Microforma].
260 _aMadrid :
_bAteneo Cientifico, Literario y Artistico,
_c1990.
300 _a1 microficha :
_bnegativo.
500 _aPublicado originalmente: Cadiz, Impr. de Diego Garcia Campoy, 1813.
501 _aCon: Informes, autos y escritos varios sobre la Inquisicion.
650 1 4 _aObras de 1800.
_915662
852 _aES-MaACL
_jMCF-36
_95441
942 _2udc
_cMICROFORMA
999 _c5324
_d5324